Battery-electric vehicles, (Record no. 548209)
[ view plain ]
| 000 -LEADER | |
|---|---|
| fixed length control field | 00775cam a22001811 4500 |
| 082 ## - DEWEY DECIMAL CLASSIFICATION NUMBER | |
| Classification number | 629.2293 |
| Author Mark | HIL |
| -- | L-10, P-7 |
| 100 1# - MAIN ENTRY--PERSONAL NAME | |
| Personal name | Hills, Stanley Moncoeur, |
| 9 (RLIN) | 44416 |
| 245 10 - TITLE STATEMENT | |
| Title | Battery-electric vehicles, |
| Remainder of title | dealing with the construction and operation of all types of battery-operated electric vehicles and accessory equipment, |
| Statement of responsibility, etc. | by Stanley M. Hills, with 135 illustrations and many useful tables and charts. |
| 260 ## - PUBLICATION, DISTRIBUTION, ETC. | |
| Place of publication, distribution, etc. | London, |
| Name of publisher, distributor, etc. | G. Newnes limited |
| Date of publication, distribution, etc. | [1943]. |
| 300 ## - PHYSICAL DESCRIPTION | |
| Extent | viii, 232 p. |
| Other physical details | illus., diagrs. |
| Dimensions | 23 cm. |
| 500 ## - GENERAL NOTE | |
| General note | "First published 1943." |
| 500 ## - GENERAL NOTE | |
| General note | Pages 207-232, advertising matter. |
| 526 ## - STUDY PROGRAM INFORMATION NOTE | |
| Program name | 0 |
| Interest level | 0 |
| Reading level | 0 |
| Title point value | 629_229300000000000_HIL |
| 650 #0 - SUBJECT ADDED ENTRY--TOPICAL TERM | |
| Topical term or geographic name entry element | Electric automobiles. |
| 9 (RLIN) | 44417 |
| 650 #0 - SUBJECT ADDED ENTRY--TOPICAL TERM | |
| Topical term or geographic name entry element | Electric locomotives. |
| 9 (RLIN) | 43508 |
| 650 #0 - SUBJECT ADDED ENTRY--TOPICAL TERM | |
| Topical term or geographic name entry element | MCE |
| 9 (RLIN) | 379 |
| 942 ## - ADDED ENTRY ELEMENTS (KOHA) | |
| Source of classification or shelving scheme | |
| Koha item type | Book |
| Withdrawn status | Lost status | Source of classification or shelving scheme | Damaged status | Not for loan | Permanent Location | Current Location | Date acquired | Total Checkouts | Full call number | Barcode | Date last seen | Price effective from | Koha item type |
|---|---|---|---|---|---|---|---|---|---|---|---|---|---|
| Military College of Engineering (MCE) | Military College of Engineering (MCE) | 08/25/2014 | 629.2293 HIL | MCE-30330 | 08/25/2014 | 08/25/2014 | Book |
